02572cam a2200421 a 450000100090000000300090000900500170001800800410003502000150007602000190009103500210011003500240013104000340015508200210018910000510021024501310026125000230039226400460041530000480046133600260050933700280053533800270056349000230059050400520061350501140066552008350077965000480161465000470166265000520170965100100176165300230177165500240179470000460181885600830186494200290194799900170197695201570199315260316EG-ScBUE20220427104315.0080414r20122008enka f b 001 0 eng d a0199278113 a9780199278114  a(OCoLC)216938511 a(OCoLC)ocn216938511 aDLCbengerdacDLCdEG-ScBUE 04a415.018222bHEN1 aHengeveld, Kees,‏ ‎d1957-eauthor.94049910aFunctional discourse grammar :ba typologically-based theory of language structure /cKees Hengeveld and J. Lachlan Mackenzie. aReprinted edition. 1aOxford :bOxford University Press,c2012. axxiii, 503 pages :billustrations ;c26 cm. 2rdacontentatextbtxt 2rdamediaaunmediatedbn 2rdacarrieravolumebnc0 aOxford linguistics aIncludes bibliographical references and index.  aThe interpersonal level -- The representational level -- The morphosyntactic level -- The phonological level. a"This book is the first comprehensive presentation of Functional Discourse Grammar, a new and important theory of language structure. The authors set out its nature and origins and show how it relates to contemporary linguistic theory. They demonstrate and test its explanatory power and descriptive utility against linguistic facts from over 150 languages across a wide range of linguistic families." "Functional Discourse Grammar offers a thorough account of how the use and meaning of language influence linguistic form by conditioning two levels of formulation which feed into two levels of encoding, all with their own specific characteristics. The book offers an ideal introduction to the theory and its applications in typology and description for scholars in linguistics and related fields from graduate students upwards." 7aFunctional discourse grammar.2BUEsh940502 7aFunctionalism (Linguistics).9403002BUEsh 7aGrammar, Comparative and general.9405032BUEsh 2BUEsh cJuly2016bHHUUEENN vReading book9342321 aMackenzie, J. Lachlan‏,eauthor.940501413Table of contents onlyuhttp://www.loc.gov/catdir/toc/ecip0817/2008016923.html 2ddce22k415.018 HENcBB c22055d22027 00102ddc40708BaccahaMAINbMAINc2NDd2016-07-28ePurchaseg488.00h25965l2m1o415.018 HENp000032946r2025-07-15 00:00:00s2017-09-12v611.00yBB